Proceso de estructuración urbana en centroamérica el caso de la capital de Honduras (1983-1980): tercer avance de investigación ( Informe final: primer borrador) /

Bewaard in:
Bibliografische gegevens
Hoofdauteur: Salomon, Leticia
Coauteurs: CSUCA, PISCAL
Andere auteurs: Galo, Bethenia
Formaat: Texto
Gepubliceerd in: s.l: s.n.
Tags: Voeg label toe
Geen labels, Wees de eerste die dit record labelt!

MARC

LEADER 00000 a a2200000 04500
001 38478
003
040
090 |a 1003 S172p  
100 |a Salomon, Leticia  
110 |a CSUCA  
245 |a Proceso de estructuración urbana en centroamérica el caso de la capital de Honduras (1983-1980): tercer avance de investigación ( Informe final: primer borrador) /  |c CSUCA  
260 |a s.l:   |b s.n.  
300 |a 161 p.   |b map.  
700 |a Galo, Bethenia  
710 |a PISCAL  
999 |c 8824  |d 8824